[Event "BIH-chT2"]
[Site "Tuzla"]
[Date "2015.10.20"]
[Round "7.4"]
[White "Malkic, Jusuf"]
[Black "Rosic, Slavko S"]
[Result "0-1"]
[WhiteElo "2117"]
[BlackElo "2279"]
[PlyCount "126"]
[EventDate "2015.10.16"]

1. e4 c5 2. Nf3 Nc6 3. d4 cxd4 4. Nxd4 Nf6 5. Nc3 d6 6. Be2 g6 7. Be3 Bg7 8.
Qd2 O-O 9. O-O Qa5 10. Rad1 Ng4 11. Nxc6 bxc6 12. Bd4 e5 13. Be3 Nxe3 14. Qxe3
Rd8 15. Bc4 Ba6 16. Qe2 Bb7 17. Qf3 Qc7 18. Rfe1 Qe7 19. Re3 Bc8 20. Red3 Be6
21. Bb3 Rab8 22. Qe3 Rb4 23. Qd2 Rd4 24. f3 f5 25. Ne2 Rxd3 26. Qxd3 fxe4 27.
fxe4 d5 28. Qa6 Qc5+ 29. Kh1 Kh8 30. h3 Qf2 31. Nc3 Rf8 32. Qe2 Qh4 33. Qe1 Qh5
34. Qe2 Qh4 35. Rf1 Rd8 36. Qf2 Qe7 37. Rd1 Rf8 38. Qg3 d4 39. Ne2 Bc8 40. Bc4
Bh6 41. Ng1 Bf4 42. Qe1 Qg5 43. Nf3 Qh5 44. Qh4 Qxh4 45. Nxh4 g5 46. Nf3 g4 47.
hxg4 Bxg4 48. Be2 Rf6 49. Kg1 Be3+ 50. Kf1 Rf4 51. c3 c5 52. cxd4 cxd4 53. Rd3
Rxe4 54. Rb3 Rf4 55. Ke1 e4 56. Rb8+ Kg7 57. Ng5 d3 58. Bxg4 Rxg4 59. Rb7+ Kg6
60. Ne6 Rh4 61. Nf8+ Kf5 62. Rxh7 Rxh7 63. Nxh7 Bc5 0-1

[Event "BIH-chT2"]
[Site "Tuzla"]
[Date "2015.10.20"]
[Round "7.4"]
[White "Abdil, Halil"]
[Black "Hrvic, Bilal"]
[Result "1/2-1/2"]
[WhiteElo "2211"]
[BlackElo "2124"]
[PlyCount "126"]
[EventDate "2015.10.16"]

1. e4 e6 2. d4 d5 3. Nc3 dxe4 4. Nxe4 Nd7 5. Nf3 Ngf6 6. Nxf6+ Nxf6 7. c3 Be7
8. Bd3 O-O 9. Qe2 b6 10. Bg5 Bb7 11. Rd1 Rc8 12. O-O Ng4 13. Bc1 Qd5 14. Ne1
Nf6 15. Bb1 Rfd8 16. Rd3 Ba6 17. Nf3 Qe4 18. Qd2 Bxd3 19. Bxd3 Qd5 20. Qe2 c5
21. Ba6 Rb8 22. Bc4 Qe4 23. Be3 cxd4 24. cxd4 Rbc8 25. Bd3 Qd5 26. b3 Qh5 27.
h3 Qd5 28. Ba6 Rb8 29. Bc4 Qd7 30. Ne5 Qe8 31. Bb5 Qf8 32. Nc6 Nd5 33. Nxb8
Rxb8 34. Rc1 Nxe3 35. fxe3 Rc8 36. Rf1 Bf6 37. Qg4 Qd8 38. Bc4 Rc7 39. Qg3 Rd7
40. Bb5 Rd5 41. Bc4 Rg5 42. Qf3 Rf5 43. Qb7 Rxf1+ 44. Kxf1 a5 45. d5 exd5 46.
Bxd5 Be7 47. e4 Qd6 48. Ke2 g6 49. Qc8+ Kg7 50. Qe8 Qf6 51. Kd3 Bc5 52. Kc4 Qe7
53. Qc8 Be3 54. Kd3 Bc5 55. Qb8 Qd6 56. Qb7 Qe7 57. Qc8 Bf2 58. Qc3+ f6 59. Qc8
Kh6 60. Qb8 Qc5 61. Qf4+ Kg7 62. g4 Qd4+ 63. Ke2 Bh4 1/2-1/2

[Event "BIH-chT2"]
[Site "Tuzla"]
[Date "2015.10.20"]
[Round "7.4"]
[White "Imamovic, Smail"]
[Black "Petrovic, Sasa"]
[Result "1/2-1/2"]
[WhiteElo "1972"]
[BlackElo "2225"]
[PlyCount "87"]
[EventDate "2015.10.16"]

1. e4 Nf6 2. Nc3 d5 3. e5 Ne4 4. d4 Bf5 5. Bb5+ c6 6. Bd3 Nxc3 7. bxc3 Bxd3 8.
cxd3 e6 9. a4 c5 10. Ne2 Nc6 11. Rb1 cxd4 12. cxd4 Bb4+ 13. Bd2 Bxd2+ 14. Qxd2
Qd7 15. O-O O-O 16. a5 Rac8 17. Rb2 Rc7 18. Rfb1 Rfc8 19. h3 Nd8 20. Ng3 Qe7
21. Kh2 Qh4 22. f4 g6 23. Rf1 Rc6 24. Ne2 f5 25. Rf3 Qe7 26. Rf1 Qc7 27. Qb4
Kf7 28. Rfb1 Qe7 29. Qb5 Rc2 30. Qb3 Rxb2 31. Rxb2 Qc7 32. Qb4 Qe7 33. Qb5 Rc6
34. Rb3 g5 35. g3 gxf4 36. Nxf4 Rc2+ 37. Kg1 Qc7 38. Kf1 Qc6 39. Qb4 Ke8 40.
Ne2 Qc7 41. Qb5+ Qd7 42. Qb4 Qe7 43. Qa4+ Qd7 44. Qb4 1/2-1/2

[Event "BIH-chT2"]
[Site "Tuzla"]
[Date "2015.10.20"]
[Round "8.1"]
[White "Omercic, Muhamed"]
[Black "Avdic, Mirza"]
[Result "0-1"]
[WhiteElo "2066"]
[BlackElo "2221"]
[PlyCount "124"]
[EventDate "2015.10.16"]

1. d4 Nf6 2. c4 d6 3. Nc3 Nbd7 4. e4 e5 5. dxe5 dxe5 6. Nf3 c6 7. Be2 Be7 8.
O-O O-O 9. h3 Qc7 10. Be3 Nc5 11. Qc2 Ne6 12. Rad1 Bc5 13. Bxc5 Nxc5 14. Rd2 h6
15. Rfd1 a5 16. Rd6 Qe7 17. a3 a4 18. Bf1 Nh7 19. g4 Ng5 20. Qe2 Nce6 21. Nxg5
hxg5 22. Qe3 Nd4 23. R1xd4 exd4 24. Qxd4 Be6 25. Bd3 Qf6 26. e5 Qf4 27. Qe4
Qxe4 28. Nxe4 Ra5 29. Nxg5 Rxe5 30. f4 Re1+ 31. Kf2 Rc1 32. Nxe6 fxe6 33. Ke3
Rh1 34. c5 Rxh3+ 35. Ke4 Rh1 36. Bc4 Re1+ 37. Kf3 Kh8 38. Bxe6 Rf1+ 39. Kg3
R1xf4 40. Kh4 Rf2 41. Kg5 Rxb2 42. Rd1 Rh2 43. Rb1 Rb8 44. Kg6 Rh6+ 45. Kf7
Rf6+ 46. Ke7 Kh7 47. Bf5+ Kh6 48. Rh1+ Kg5 49. Rh5+ Kf4 50. Rh7 Rh6 51. Rxg7
Rh3 52. Be6 Rxa3 53. Rf7+ Ke5 54. Rf5+ Kd4 55. Kd6 Ra1 56. g5 a3 57. g6 Rg1 58.
Rf4+ Kc3 59. Ra4 Rxg6 60. Rxa3+ Kb4 61. Rb3+ Ka4 62. Rb1 Re8 0-1

[Event "BIH-chT2"]
[Site "Tuzla"]
[Date "2015.10.20"]
[Round "8.1"]
[White "Hadzovic, Amir"]
[Black "Muminovic, Semsudin"]
[Result "1-0"]
[WhiteElo "2218"]
[BlackElo "1873"]
[PlyCount "61"]
[EventDate "2015.10.16"]

1. e4 e5 2. d4 exd4 3. Qxd4 Nc6 4. Qe3 b6 5. Nc3 Nf6 6. Bd2 d6 7. O-O-O Be7 8.
f4 Ng4 9. Qe1 O-O 10. h3 Nh6 11. g4 f6 12. Bc4+ Nf7 13. Bd5 Bb7 14. Nf3 Na5 15.
Bxb7 Nxb7 16. h4 Re8 17. g5 Nc5 18. Qg3 Bf8 19. Rde1 a5 20. f5 b5 21. gxf6 Qxf6
22. Bg5 Nxg5 23. hxg5 Qd8 24. Qh2 Kf7 25. Nd5 Rxe4 26. Qh5+ g6 27. Qxh7+ Bg7
28. Qxg6+ Kf8 29. f6 Qd7 30. Rxe4 Nxe4 31. Ne7 1-0

[Event "BIH-chT2"]
[Site "Tuzla"]
[Date "2015.10.20"]
[Round "8.1"]
[White "Strinic, Halid"]
[Black "Salkic, Izet"]
[Result "0-1"]
[WhiteElo "2109"]
[BlackElo "1973"]
[PlyCount "70"]
[EventDate "2015.10.16"]

1. e4 d6 2. d4 g6 3. h4 Nf6 4. Nc3 c6 5. Be2 h5 6. Bg5 Nbd7 7. Qd2 Bg7 8. f3 b5
9. Nh3 Qb6 10. a3 a5 11. Be3 Qb8 12. Ng5 b4 13. Nd1 c5 14. c3 b3 15. Nf2 Ba6
16. Bxa6 Rxa6 17. Nd3 cxd4 18. cxd4 e6 19. Rc1 Ke7 20. Ke2 Rc8 21. Rxc8 Qxc8
22. Rc1 Qb7 23. Rc4 d5 24. Nc5 Qb5 25. Nxa6 Qxa6 26. e5 Qxc4+ 27. Ke1 Ne8 28.
Qxa5 f6 29. Nxe6 fxe5 30. Qd8+ Kxe6 31. Qxe8+ Kd6 32. Qxg6+ Bf6 33. g4 exd4 34.
Bf4+ Kc5 35. Qe8 Bxh4+ 0-1

[Event "BIH-chT2"]
[Site "Tuzla"]
[Date "2015.10.20"]
[Round "8.1"]
[White "Mujagic, Muhamed"]
[Black "Miladinovic, Zlatko"]
[Result "0-1"]
[WhiteElo "1963"]
[BlackElo "2033"]
[PlyCount "130"]
[EventDate "2015.10.16"]

1. e4 c5 2. Nf3 Nc6 3. d4 cxd4 4. Nxd4 Nf6 5. Nc3 e5 6. Ndb5 d6 7. Bg5 a6 8.
Bxf6 gxf6 9. Na3 f5 10. Bc4 Qg5 11. g3 Be6 12. Bd5 Be7 13. Nc4 Rd8 14. h4 Qg4
15. Qxg4 fxg4 16. O-O-O O-O 17. Ne3 h5 18. a3 Rd7 19. Ne2 Bd8 20. Rhf1 Bb6 21.
Nc4 Bc7 22. Rd2 Bxd5 23. Rxd5 f5 24. Nc3 b5 25. Ne3 Ne7 26. Rdd1 f4 27. Ned5
Nxd5 28. Nxd5 Bb8 29. Kd2 Rdf7 30. Ke2 Kg7 31. Nb4 a5 32. Nd3 fxg3 33. fxg3 Rf3
34. Rxf3 Rxf3 35. Rg1 Ba7 36. Rg2 Re3+ 37. Kd2 Rxe4 38. Re2 Rxe2+ 39. Kxe2 Kf6
40. b3 Kf5 41. c3 Ke4 42. Nb2 d5 43. a4 bxa4 44. bxa4 Bc5 45. Nd3 Bg1 46. Nb2
Bc5 47. Nd3 Bb6 48. Nb2 Kf5 49. Nd1 e4 50. Nb2 Ke5 51. Nd1 Kd6 52. Kd2 d4 53.
Nb2 Kc5 54. cxd4+ Kxd4 55. Nd1 Kc4 56. Nc3 e3+ 57. Kc2 Bc7 58. Ne2 Be5 59. Kd1
Kd3 60. Ke1 Ke4 61. Kf1 Kf3 62. Ng1+ Kxg3 63. Ke2 Bf4 64. Kd3 Kf2 65. Ne2 Be5
0-1

[Event "BIH-chT2"]
[Site "Tuzla"]
[Date "2015.10.20"]
[Round "8.2"]
[White "Rosic, Slavko S"]
[Black "Trumic, Enes"]
[Result "1/2-1/2"]
[WhiteElo "2279"]
[BlackElo "2244"]
[PlyCount "90"]
[EventDate "2015.10.16"]

1. e4 e5 2. Nf3 Nc6 3. Bc4 Nf6 4. Nc3 Be7 5. d3 O-O 6. a3 d6 7. h3 Nd4 8. Nxd4
exd4 9. Ne2 d5 10. exd5 b5 11. Bb3 Nxd5 12. Nxd4 Bf6 13. Ne2 Bb7 14. O-O c5 15.
c4 bxc4 16. dxc4 Nb6 17. Be3 Qe7 18. Qc2 Be4 19. Qc1 Rac8 20. Nc3 Ba8 21. Rd1
Qb7 22. f3 Be5 23. Qc2 Qe7 24. Qf2 Bb8 25. Nd5 Nxd5 26. cxd5 c4 27. Bc2 Rfe8
28. Be4 g6 29. d6 Bxd6 30. Bxa8 Rxa8 31. Bd4 a6 32. Re1 Qg5 33. h4 Qf4 34. g4
Bc7 35. Be3 Rxe3 36. Rxe3 Bb6 37. Rae1 Kg7 38. Kg2 Re8 39. Rxe8 Bxf2 40. Kxf2
Qh2+ 41. Kf1 Qh3+ 42. Kf2 Qh2+ 43. Kf1 Qxb2 44. R1e2 Qd4 45. Kg2 Qf6 1/2-1/2

[Event "BIH-chT2"]
[Site "Tuzla"]
[Date "2015.10.20"]
[Round "8.2"]
[White "Petrovic, Sasa"]
[Black "Obad, Andrija"]
[Result "0-1"]
[WhiteElo "2225"]
[BlackElo "2201"]
[PlyCount "74"]
[EventDate "2015.10.16"]

1. e4 c5 2. g3 Nc6 3. Bg2 g6 4. Ne2 Bg7 5. O-O d6 6. c3 e5 7. d3 Nge7 8. Be3
O-O 9. f4 Be6 10. Nd2 Qd7 11. Nf3 Rad8 12. Ng5 Bg4 13. h3 Bxe2 14. Qxe2 h6 15.
Nf3 b6 16. Rad1 Qe6 17. a3 d5 18. Bf2 Rfe8 19. Rfe1 exf4 20. gxf4 dxe4 21. Qxe4
Qb3 22. Rd2 Nd5 23. Qxe8+ Rxe8 24. Rxe8+ Kh7 25. Bg3 Nde7 26. Ne5 Nf5 27. Nxc6
Nxg3 28. Kh2 Nf5 29. Re4 Bf6 30. Ne5 Bh4 31. Bf3 Nd6 32. Ree2 Qe6 33. Bg4 Qf6
34. f5 gxf5 35. Bf3 Bg5 36. Nc4 Bf4+ 37. Kg2 Nxc4 0-1

[Event "BIH-chT2"]
[Site "Tuzla"]
[Date "2015.10.20"]
[Round "8.2"]
[White "Komadaric, Edin"]
[Black "Pasalic, Adnan"]
[Result "1-0"]
[WhiteElo "2155"]
[BlackElo "2078"]
[PlyCount "89"]
[EventDate "2015.10.16"]

1. e4 e6 2. d4 d5 3. exd5 exd5 4. Bd3 Bd6 5. c3 Ne7 6. Qc2 Nbc6 7. Bg5 h6 8.
Bh4 g5 9. Bg3 Be6 10. Nd2 Qd7 11. O-O-O O-O-O 12. Bxd6 Qxd6 13. Nb3 b6 14. Ne2
Rde8 15. Kb1 a5 16. f4 gxf4 17. Rdf1 Ng6 18. Qd2 a4 19. Nbc1 Na5 20. Nxf4 Bd7
21. Nh5 Re7 22. Rf6 Be6 23. Ng7 Qd7 24. Nxe6 Rxe6 25. Bf5 Rxf6 26. Bxd7+ Kxd7
27. Qe2 Re8 28. Qb5+ Kd8 29. Qxd5+ Kc8 30. Qb5 Re3 31. Rf1 Rxf1 32. Qxf1 Re7
33. Qb5 Nb7 34. Qa6 Kb8 35. Nd3 Re3 36. Nb4 Ne7 37. a3 Nd6 38. Qxa4 Re1+ 39.
Ka2 Kb7 40. d5 Kc8 41. g4 Re4 42. h3 b5 43. Qa8+ Kd7 44. Na6 Nc4 45. Nc5+ 1-0

[Event "BIH-chT2"]
[Site "Tuzla"]
[Date "2015.10.20"]
[Round "8.2"]
[White "Corbadzic, Samir"]
[Black "Jovanovic, Nenad"]
[Result "1/2-1/2"]
[WhiteElo "2111"]
[BlackElo "2055"]
[PlyCount "24"]
[EventDate "2015.10.16"]

1. e4 c5 2. Nf3 d6 3. d4 cxd4 4. Nxd4 Nf6 5. Nc3 a6 6. Be3 e6 7. Bd3 b5 8. a3
Bb7 9. f3 Be7 10. O-O Nc6 11. Nxc6 Bxc6 12. Qd2 d5 1/2-1/2

[Event "BIH-chT2"]
[Site "Tuzla"]
[Date "2015.10.20"]
[Round "8.3"]
[White "Vajic, Goran"]
[Black "Malkic, Jusuf"]
[Result "1-0"]
[WhiteElo "2335"]
[BlackElo "2117"]
[PlyCount "91"]
[EventDate "2015.10.16"]

1. e4 Nf6 2. e5 Nd5 3. d4 d6 4. Nf3 Bg4 5. Bc4 dxe5 6. dxe5 e6 7. O-O Be7 8.
Qe2 c6 9. Bb3 Qc7 10. c4 Nb6 11. Bf4 O-O 12. Nbd2 N8d7 13. Bc2 Rfd8 14. h3 Bxf3
15. Nxf3 Nf8 16. Qe4 Nbd7 17. h4 Nc5 18. Qe3 a5 19. Rac1 b6 20. h5 Rd7 21. h6
g6 22. Bg5 Bxg5 23. Qxg5 Qd8 24. Qe3 Qe7 25. Be4 Rc8 26. Rfd1 Nxe4 27. Qxe4 c5
28. Rxd7 Qxd7 29. Qf4 Qe7 30. Rd1 Rd8 31. Rd6 Rxd6 32. exd6 Qd8 33. Ne5 f5 34.
Nc6 Qf6 35. Qd2 Nd7 36. f4 Kf8 37. Ne5 Ke8 38. Nf3 Nf8 39. Kf2 Nd7 40. g3 Kd8
41. Qe2 Nf8 42. Ne5 Nd7 43. Qf3 Nxe5 44. fxe5 Qg5 45. Qa8+ Kd7 46. Qb7+ 1-0

[Event "BIH-chT2"]
[Site "Tuzla"]
[Date "2015.10.20"]
[Round "8.3"]
[White "Hrvic, Bilal"]
[Black "Ramic, Mirnes"]
[Result "0-1"]
[WhiteElo "2124"]
[BlackElo "2028"]
[PlyCount "122"]
[EventDate "2015.10.16"]

1. c4 Nf6 2. d3 e5 3. Nc3 Nc6 4. g3 g6 5. Bg2 Bg7 6. Nf3 d6 7. O-O O-O 8. Rb1
h6 9. b4 Be6 10. b5 Ne7 11. a4 Qd7 12. Bd2 Bh3 13. Qb3 Bxg2 14. Kxg2 Nh7 15. a5
g5 16. h3 Kh8 17. Nd5 f5 18. Rh1 Nf6 19. Nxe7 Qxe7 20. Bc3 Nd7 21. Qc2 Rf7 22.
Rbe1 Raf8 23. Rhf1 h5 24. h4 g4 25. Ng5 Rf6 26. Bd2 Nc5 27. Rb1 Ne6 28. Nxe6
Rxe6 29. Bg5 Bf6 30. Bxf6+ Rexf6 31. Qd2 f4 32. Kg1 R8f7 33. Rbd1 Qf8 34. Qc1
Kh7 35. Qb1 Kg8 36. Qc1 Qh6 37. Kh1 Qf8 38. Kg1 Rf5 39. Qb1 Qe7 40. Rde1 Kf8
41. Qc2 Qf6 42. Qc1 Ke7 43. Rd1 b6 44. a6 Ke6 45. Qb1 fxg3 46. fxg3 Rxf1+ 47.
Rxf1 Qxf1+ 48. Qxf1 Rxf1+ 49. Kxf1 d5 50. Kf2 d4 51. Ke1 Kd6 52. Kd2 c6 53.
bxc6 Kxc6 54. Kc2 b5 55. Kb3 Kb6 56. cxb5 Kxb5 57. Ka3 Kxa6 58. Ka4 Kb6 59. Kb4
a5+ 60. Ka4 Ka6 61. Kb3 Kb5 0-1

[Event "BIH-chT2"]
[Site "Tuzla"]
[Date "2015.10.20"]
[Round "8.3"]
[White "Mesic, Vehid"]
[Black "Nurkic, Alija"]
[Result "1-0"]
[WhiteElo "1955"]
[BlackElo "2084"]
[PlyCount "135"]
[EventDate "2015.10.16"]

1. e4 e6 2. d4 d5 3. e5 c5 4. c3 Nc6 5. Nf3 Bd7 6. Bd3 Qb6 7. O-O cxd4 8. cxd4
Nxd4 9. Nxd4 Qxd4 10. Nc3 Qxe5 11. Re1 Qd6 12. Nb5 Qb6 13. Be3 Qa5 14. Bd2 Qd8
15. Bf4 Rc8 16. Nxa7 Rc5 17. b4 Rc3 18. Nb5 Bxb4 19. Re2 Rc8 20. Rc1 Bc5 21.
Rec2 b6 22. Qg4 Kf8 23. Qg3 Bxb5 24. Bxb5 Nf6 25. Bd6+ Kg8 26. Be5 h6 27. Bd3
Nh5 28. Qf3 Qg5 29. Bd6 g6 30. g3 Kg7 31. h4 Qd8 32. Be5+ f6 33. Bxg6 Kxg6 34.
Qg4+ Kh7 35. Qxh5 Rg8 36. Qf7+ Rg7 37. Qxf6 Qxf6 38. Bxf6 Rxg3+ 39. Kh2 Rf3 40.
Bd4 Rcf8 41. Bxc5 bxc5 42. Rxc5 Rxf2+ 43. Kg1 Rxa2 44. h5 Rf7 45. Re1 Ra6 46.
Rc8 Rf5 47. Rc7+ Kg8 48. Rb1 Rf7 49. Rc8+ Kg7 50. Re8 Rf5 51. Re1 Kf6 52. Rf8+
Kg5 53. Rg8+ Kf4 54. Rf1+ Ke5 55. Re1+ Kf6 56. Rg6+ Kf7 57. Rxh6 d4 58. Rh7+
Kf6 59. Rh6+ Ke7 60. Rh7+ Rf7 61. Rh8 Ra5 62. h6 Rg5+ 63. Kh2 e5 64. h7 d3 65.
Re8+ Kxe8 66. h8=Q+ Rf8 67. Rxe5+ Kf7 68. Qxf8+ 1-0

[Event "BIH-chT2"]
[Site "Tuzla"]
[Date "2015.10.20"]
[Round "8.3"]
[White "Hamzagic, Abdel"]
[Black "Sinanovic, Ermin"]
[Result "0-1"]
[WhiteElo "2060"]
[BlackElo "2122"]
[PlyCount "88"]
[EventDate "2015.10.16"]

1. c4 Nf6 2. Nf3 b6 3. g3 Bb7 4. Bg2 e6 5. Nc3 d5 6. d4 Be7 7. O-O O-O 8. Ne5
c6 9. cxd5 cxd5 10. Bf4 Nbd7 11. Rc1 a6 12. Na4 Rc8 13. Qb3 b5 14. Nd3 Rc4 15.
Nac5 Nxc5 16. Nxc5 Bc8 17. Qd3 Qb6 18. b3 Rxc1 19. Rxc1 Bd6 20. Bd2 e5 21. e3
e4 22. Qc3 Qd8 23. Qa5 Bc7 24. Qc3 Bd6 25. a4 Ng4 26. h3 b4 27. Qxb4 Nxf2 28.
Kxf2 Qg5 29. Kf1 Qxg3 30. Be1 Qh2 31. Qd2 f5 32. Bf2 f4 33. Nxe4 dxe4 34. Bxe4
Bxh3+ 35. Ke1 fxe3 36. Qxe3 Bf4 37. Qf3 Bd2+ 38. Kxd2 Rxf3 39. Bxf3 Qxf2+ 40.
Be2 Qxd4+ 41. Bd3 Bf5 42. Rf1 g6 43. Rf3 Kg7 44. Ke2 Bg4 0-1

[Event "BIH-chT2"]
[Site "Tuzla"]
[Date "2015.10.20"]
[Round "8.3"]
[White "Salkic, Mahir"]
[Black "Imamovic, Smail"]
[Result "1-0"]
[WhiteElo "1968"]
[BlackElo "1972"]
[PlyCount "59"]
[EventDate "2015.10.16"]

1. d4 Nf6 2. Nf3 d5 3. c4 e6 4. Nc3 b6 5. cxd5 Nxd5 6. e4 Nf6 7. Bg5 Be7 8. Bd3
Nbd7 9. O-O h6 10. Bf4 a6 11. Re1 Bb7 12. Bc2 Rc8 13. Qd3 Nh5 14. Bd2 Nhf6 15.
Rad1 c6 16. h3 Qc7 17. Bc1 Rd8 18. Qe3 O-O 19. e5 Nd5 20. Qe4 f5 21. exf6 Rxf6
22. Qh7+ Kf7 23. Ne5+ Nxe5 24. dxe5 Rf5 25. Bxf5 exf5 26. Bxh6 Bf8 27. Nxd5
cxd5 28. e6+ Kf6 29. e7 gxh6 30. exf8=Q+ 1-0

[Event "BIH-chT2"]
[Site "Tuzla"]
[Date "2015.10.20"]
[Round "8.4"]
[White "Mrndjic, Muamer"]
[Black "Bajramovic, Halid"]
[Result "1-0"]
[WhiteElo "2224"]
[BlackElo "2144"]
[PlyCount "97"]
[EventDate "2015.10.16"]

1. d4 d5 2. Nf3 Nf6 3. c4 c6 4. e3 e6 5. Bd3 Bd6 6. O-O Nbd7 7. cxd5 exd5 8.
Nc3 O-O 9. b3 Qe7 10. Qc2 Re8 11. Bb2 Ne4 12. Rae1 Ndf6 13. Ne5 Bb4 14. f3 Ng5
15. Re2 Ne6 16. Na4 h6 17. Kh1 Bd7 18. Rc1 Rad8 19. Nc5 Bc8 20. a3 Bxc5 21.
dxc5 Qc7 22. Bd4 Re7 23. b4 a6 24. Rg1 Rde8 25. f4 Nf8 26. g4 Ne4 27. Bxe4 dxe4
28. Nc4 Ng6 29. g5 h5 30. Qc3 Bg4 31. Rxg4 hxg4 32. Bxg7 Nxf4 33. exf4 Qxf4 34.
Kg1 e3 35. Bh6 Re5 36. Rxe3 f6 37. Nxe5 fxe5 38. Qb3+ Kh8 39. Qd3 Qf7 40. Qd6
e4 41. Qd4+ Kh7 42. Rxe4 Kg6 43. Rxe8 Qxe8 44. Qxg4 Qe3+ 45. Kf1 Qxa3 46. Qe4+
Kh5 47. Kg2 Qc1 48. Qe2+ Kh4 49. h3 1-0

[Event "BIH-chT2"]
[Site "Tuzla"]
[Date "2015.10.20"]
[Round "8.4"]
[White "Cunjalo, Faris"]
[Black "Zacinovic, Alija"]
[Result "0-1"]
[WhiteElo "2054"]
[BlackElo "2226"]
[PlyCount "98"]
[EventDate "2015.10.16"]

1. d4 c5 2. d5 Nf6 3. c4 g6 4. Nc3 d6 5. e4 Bg7 6. Nf3 O-O 7. Be2 e5 8. O-O Nh5
9. Ne1 Nf4 10. Nd3 Nxe2+ 11. Qxe2 Nd7 12. a3 b6 13. b4 f5 14. f3 h6 15. Bd2 Nf6
16. bxc5 bxc5 17. Rab1 Re8 18. Rb2 Nh5 19. Rfb1 Nf4 20. Nxf4 exf4 21. Rb3 g5
22. Qd3 Qf6 23. Rb8 Rxb8 24. Rxb8 Qf8 25. Ra8 a6 26. Ra7 Qf6 27. Ra8 Kh7 28.
Kf1 Kg8 29. h3 Kf7 30. Ra7+ Kg8 31. exf5 Bxf5 32. Ne4 Qa1+ 33. Be1 h5 34. h4 g4
35. Rb7 gxf3 36. gxf3 Kf8 37. Rb1 Qe5 38. Rb6 Bh3+ 39. Ke2 Qa1 40. Rb1 Qa2+ 41.
Bd2 Bf5 42. Rc1 Be5 43. Rc2 Qb1 44. Rc1 Qb2 45. Rc2 Qb7 46. Bc3 Qh7 47. Bxe5
Rxe5 48. Kf2 Qg6 49. Re2 Qg3+ 0-1

[Event "BIH-chT2"]
[Site "Tuzla"]
[Date "2015.10.20"]
[Round "8.4"]
[White "Mrndjic, Armin"]
[Black "Hadzic, Latif"]
[Result "1-0"]
[WhiteElo "2122"]
[BlackElo "2047"]
[PlyCount "77"]
[EventDate "2015.10.16"]

1. c4 e5 2. Nc3 Nf6 3. g3 d5 4. cxd5 Nxd5 5. Bg2 Be6 6. Nf3 Nc6 7. O-O Be7 8.
d4 Nxc3 9. bxc3 e4 10. Nd2 f5 11. e3 O-O 12. f3 exf3 13. Qxf3 Na5 14. e4 c6 15.
Qd3 fxe4 16. Rxf8+ Bxf8 17. Bxe4 h6 18. Nf3 Bc4 19. Qc2 Qf6 20. Bf4 Bd5 21.
Bh7+ Kh8 22. Ne5 Bd6 23. Rf1 Bxe5 24. Bxe5 Qg5 25. h4 Qe3+ 26. Kh2 Nc4 27. Bf4
Qe7 28. Bg6 Ne3 29. Bxe3 Qxe3 30. a3 Bc4 31. Rf4 Qe2+ 32. Qxe2 Bxe2 33. Rf7 Ba6
34. Re7 Rf8 35. g4 Rb8 36. Kg3 Bc4 37. Kf4 a5 38. Ke5 b5 39. Re8+ 1-0

[Event "BIH-chT2"]
[Site "Tuzla"]
[Date "2015.10.20"]
[Round "8.4"]
[White "Redzepi, Mehmedalija"]
[Black "Mataradzic, Almir"]
[Result "0-1"]
[WhiteElo "1909"]
[BlackElo "2088"]
[PlyCount "104"]
[EventDate "2015.10.16"]

1. d4 Nf6 2. c4 g6 3. Nc3 Bg7 4. g3 O-O 5. Bg2 d6 6. Nf3 Nc6 7. O-O a6 8. a4
Rb8 9. Re1 Nb4 10. h3 Bd7 11. b3 c5 12. Ba3 Qa5 13. Qd2 cxd4 14. Nxd4 Nc6 15.
e3 Qh5 16. Nce2 Nxd4 17. exd4 Bh6 18. Nf4 Bxf4 19. Qxf4 g5 20. g4 Qg6 21. Qd2
Rfe8 22. Bb2 h5 23. f3 Nh7 24. Bf1 f6 25. Bd3 Qf7 26. Qc2 Nf8 27. d5 Kg7 28.
Re3 Ng6 29. Bf5 Bxf5 30. Qxf5 Kh6 31. Rae1 Nh4 32. Qe4 Ng6 33. Kf2 h4 34. Kg2
Nf4+ 35. Kh2 b5 36. axb5 axb5 37. Bc1 bxc4 38. bxc4 Ra8 39. Qb1 Rac8 40. Re4
Ng6 41. Qd3 Ne5 42. Qe2 e6 43. f4 exd5 44. cxd5 gxf4 45. Bxf4+ Kg7 46. g5 fxg5
47. Rg1 Ng6 48. Rxg5 Qxf4+ 49. Rxf4 Rxe2+ 50. Kg1 Rc1+ 51. Rf1 Rxf1+ 52. Kxf1
Re5 0-1

[Event "BIH-chT2"]
[Site "Tuzla"]
[Date "2015.10.20"]
[Round "8.4"]
[White "Kovacic, Dubravko"]
[Black "Kustura, Hajrudin"]
[Result "1/2-1/2"]
[WhiteElo "2074"]
[BlackElo "1609"]
[PlyCount "116"]
[EventDate "2015.10.16"]

1. c4 Nf6 2. g3 d5 3. cxd5 Qxd5 4. Nf3 Nc6 5. Nc3 Qa5 6. Bg2 Bd7 7. O-O O-O-O
8. d4 Bg4 9. Qb3 Qb4 10. Qxb4 Nxb4 11. Ne5 Bh5 12. e3 e6 13. Bd2 Bd6 14. Nb5
Nbd5 15. Nxa7+ Kb8 16. Nac6+ bxc6 17. Nxc6+ Kc8 18. Nxd8 Rxd8 19. e4 Bb4 20.
Bxb4 Nxb4 21. a4 Nc2 22. Rac1 Nxd4 23. Rc5 Bf3 24. Re1 Ne2+ 25. Kf1 Bxg2+ 26.
Kxg2 Nd4 27. b4 Nd7 28. Rc3 Kb8 29. b5 e5 30. f4 f6 31. fxe5 fxe5 32. a5 Kb7
33. Rf1 Nf6 34. Rc5 Re8 35. Rfc1 Re7 36. a6+ Kb6 37. a7 Kxa7 38. Rxc7+ Rxc7 39.
Rxc7+ Kb6 40. Rxg7 Kxb5 41. g4 Kc4 42. g5 Nxe4 43. h4 Ne6 44. Rxh7 N6xg5 45.
hxg5 Nxg5 46. Rh5 Ne4 47. Rxe5 Kd4 48. Re8 Ke3 49. Rf8 Nd2 50. Kg3 Ne4+ 51. Kg4
Nf2+ 52. Kf5 Nd3 53. Re8+ Kd4 54. Rd8+ Ke3 55. Rd7 Nc5 56. Rd6 Nd3 57. Re6+ Kd4
58. Re8 Kc5 1/2-1/2

[Event "BIH-chT2"]
[Site "Tuzla"]
[Date "2015.10.20"]
[Round "8.5"]
[White "Drazic, Sinisa"]
[Black "Sutkovic, Damir"]
[Result "1-0"]
[WhiteElo "2430"]
[BlackElo "2310"]
[PlyCount "147"]
[EventDate "2015.10.16"]

1. c4 Nf6 2. Nf3 c5 3. Nc3 g6 4. d4 cxd4 5. Nxd4 Bg7 6. e4 d6 7. Be2 O-O 8. Be3
Nc6 9. O-O Bd7 10. Qd2 Nxd4 11. Bxd4 Bc6 12. f3 a5 13. Rfd1 Nd7 14. Be3 Nc5 15.
Rac1 Qb6 16. Rc2 Rfc8 17. Bf1 Qd8 18. Qf2 Qf8 19. b3 Bh6 20. e5 Bxe3 21. Qxe3
b6 22. exd6 exd6 23. Rcd2 Re8 24. Qf4 Qg7 25. Ne2 Nb7 26. h4 Re7 27. Qd4 Qxd4+
28. Nxd4 Bd7 29. Kf2 Rae8 30. Ne2 Kg7 31. Nc3 Bc6 32. a3 Re3 33. Rd3 R3e6 34.
b4 axb4 35. axb4 Ra8 36. R3d2 Ra3 37. Rc1 Nd8 38. Nb5 Ra4 39. Nd4 Rf6 40. Rb1
Bd7 41. Ne2 Nc6 42. Rdb2 Ra3 43. Rb3 Ra2 44. R1b2 Rxb2 45. Rxb2 Ne5 46. Ng3 Rf4
47. Ne4 Rxh4 48. Rd2 Be6 49. Rxd6 Bxc4 50. Rxb6 Bxf1 51. Kxf1 Rh1+ 52. Kf2 Rb1
53. b5 Nc4 54. Rb8 Rb2+ 55. Kg1 Ne3 56. g4 Nd5 57. Rb7 h5 58. g5 h4 59. Nd6 h3
60. Kh1 Ne3 61. Nxf7 Nf1 62. Nd6+ Kf8 63. Ne4 Rb1 64. b6 Nd2+ 65. Kh2 Nxf3+ 66.
Kxh3 Rb3 67. Kg2 Ne5 68. Nf6 Nc4 69. Kf2 Rb5 70. Ke2 Nd6 71. Rc7 Nf7 72. b7 Nd8
73. b8=Q Rxb8 74. Nd7+ 1-0

[Event "BIH-chT2"]
[Site "Tuzla"]
[Date "2015.10.20"]
[Round "8.5"]
[White "Kekic, Armin"]
[Black "Trkulja, Goran"]
[Result "1/2-1/2"]
[WhiteElo "2231"]
[BlackElo "2320"]
[PlyCount "55"]
[EventDate "2015.10.16"]

1. e4 c5 2. Nf3 e6 3. d4 cxd4 4. Nxd4 a6 5. Bd3 Qc7 6. c4 Nf6 7. Nc3 d6 8. O-O
Be7 9. Be3 Nbd7 10. Rc1 b6 11. b3 Bb7 12. f3 Rc8 13. Qe2 Qb8 14. Qf2 O-O 15.
Rfd1 Bd8 16. Bf1 Bc7 17. g3 Kh8 18. Rc2 Rg8 19. Nde2 g5 20. Bg2 h6 21. Rcd2 Kh7
22. Bd4 Qa8 23. h3 Rcf8 24. Na4 b5 25. Nb6 Qb8 26. Nxd7 Nxd7 27. cxb5 axb5 28.
Rc2 1/2-1/2

[Event "BIH-chT2"]
[Site "Tuzla"]
[Date "2015.10.20"]
[Round "8.5"]
[White "Burovic, Ismet"]
[Black "Komic, Ibrahim"]
[Result "1/2-1/2"]
[WhiteElo "2324"]
[BlackElo "2231"]
[PlyCount "39"]
[EventDate "2015.10.16"]

1. e4 c5 2. d3 Nc6 3. f4 g6 4. Nf3 Bg7 5. Be2 d6 6. O-O Nf6 7. Kh1 O-O 8. c3
Rb8 9. Be3 b5 10. Nbd2 b4 11. d4 bxc3 12. bxc3 Qa5 13. Nc4 Qc7 14. Ncd2 d5 15.
e5 Ng4 16. Bg1 c4 17. Nh4 Nh6 18. g4 f5 19. exf6 exf6 20. Rb1 1/2-1/2

[Event "BIH-chT2"]
[Site "Tuzla"]
[Date "2015.10.21"]
[Round "9.1"]
[White "Sutkovic, Damir"]
[Black "Rasidovic, Sead"]
[Result "1/2-1/2"]
[WhiteElo "2310"]
[BlackElo "2337"]
[PlyCount "39"]
[EventDate "2015.10.16"]

1. b3 e5 2. Bb2 Nc6 3. e3 Nf6 4. Bb5 d6 5. d4 exd4 6. Qxd4 Bd7 7. Qd2 Ne5 8.
Bxd7+ Qxd7 9. Nc3 Qg4 10. f3 Qh4+ 11. g3 Qb4 12. O-O-O Qb6 13. f4 Ned7 14. Nf3
Be7 15. g4 Nc5 16. g5 Nfe4 17. Nxe4 Nxe4 18. Qe1 Rg8 19. Rd4 Nc5 20. Rb4
1/2-1/2

[Event "BIH-chT2"]
[Site "Tuzla"]
[Date "2015.10.21"]
[Round "9.1"]
[White "Avdic, Mirza"]
[Black "Kekic, Armin"]
[Result "1/2-1/2"]
[WhiteElo "2221"]
[BlackElo "2231"]
[PlyCount "44"]
[EventDate "2015.10.16"]

1. e4 e5 2. Nf3 Nf6 3. Nxe5 d6 4. Nc4 Nxe4 5. Qe2 Qe7 6. d3 Nf6 7. Ne3 Nc6 8.
c3 g6 9. g3 Bg7 10. Bg2 O-O 11. O-O Bd7 12. Qc2 Rfe8 13. Nd2 Qd8 14. h3 Qc8 15.
Kh2 Ne7 16. Nf3 Nf5 17. c4 c5 18. Nxf5 Bxf5 19. Nh4 Bd7 20. Bf4 Qc7 21. Qd2 Bc6
22. Nf3 Nd7 1/2-1/2